[Event "Russian Championship B13 2016"]
[Site "Loo"]
[Date "2016.04.25"]
[Round "6.29"]
[White "Butorov, Lev"]
[Black "Reva, Lev"]
[Result "1/2-1/2"]
[WhiteElo "1571"]
[BlackElo "1495"]
[PlyCount "101"]
[EventDate "2016.04.20"]

1. e4 c5 2. c3 Nc6 3. d4 cxd4 4. cxd4 e6 5. Nf3 d5 6. e5 Bb4+ 7. Bd2 Bxd2+ 8.
Nbxd2 Nge7 9. Bd3 a6 10. a3 b5 11. b4 O-O 12. O-O Bd7 13. Qb1 h6 14. Nb3 Nc8
15. Nc5 Qc7 16. Rc1 Nb6 17. Qc2 Nc4 18. Qc3 Rfb8 19. a4 Qc8 20. a5 Be8 21. Bc2
Bd7 22. Rab1 Qe8 23. Qd3 g6 24. h4 Bc8 25. h5 Ne7 26. Nh4 Nf5 27. Nxf5 gxf5 28.
Qg3+ Kh8 29. Qh4 Qg8 30. Rb3 Qg5 31. Qxg5 hxg5 32. Rg3 g4 33. f3 gxf3 34. Rxf3
Nd2 35. Rh3 Ra7 36. Rd1 Ne4 37. Bxe4 dxe4 38. Rf1 Re7 39. Rf4 Bb7 40. g4 Rg8
41. Rg3 Rg5 42. Kf2 fxg4 43. Rgxg4 Rxh5 44. Nxe4 Bxe4 45. Rxe4 Rh2+ 46. Rg2
Rxg2+ 47. Kxg2 Rc7 48. Rf4 Kg7 49. d5 exd5 50. Rf6 Rc4 51. Rxa6 1/2-1/2

[Event "Russian Championship B13 2016"]
[Site "Loo"]
[Date "2016.04.25"]
[Round "6.30"]
[White "Boyko, Aleksandr"]
[Black "Petrushin, Dmitriy"]
[Result "1/2-1/2"]
[WhiteElo "1635"]
[BlackElo "1699"]
[PlyCount "80"]
[EventDate "2016.04.20"]

1. Nf3 c5 2. g3 g6 3. d3 Bg7 4. Bg2 d6 5. O-O Nf6 6. c4 O-O 7. Nc3 Nc6 8. Bd2
h6 9. a3 Rb8 10. Rb1 a5 11. Nb5 b6 12. b4 axb4 13. axb4 Bb7 14. bxc5 bxc5 15.
Bc3 Qd7 16. Ra1 Ra8 17. Qd2 Kh7 18. Rfb1 Rfb8 19. e3 e5 20. Qc2 Ba6 21. d4 exd4
22. exd4 Bb7 23. dxc5 dxc5 24. Rd1 Rxa1 25. Bxa1 Qe7 26. Re1 Qd7 27. Ne5 Nxe5
28. Bxe5 Ra8 29. Rd1 Qe7 30. Bd6 Be4 31. Bxe7 Bxc2 32. Bxa8 Bxd1 33. Bxc5 Bb3
34. Na3 Nd7 35. Bd6 Nb6 36. Bc6 Nxc4 37. Nxc4 Bxc4 38. Kg2 Bd4 39. f4 Kg7 40.
h3 Kf6 1/2-1/2

[Event "Russian Championship B13 2016"]
[Site "Loo"]
[Date "2016.04.25"]
[Round "6.31"]
[White "Gafarov, Damir"]
[Black "Evseev, Andrew"]
[Result "1-0"]
[WhiteElo "1597"]
[BlackElo "1682"]
[PlyCount "119"]
[EventDate "2016.04.20"]

1. e4 e5 2. Nf3 Nc6 3. Bb5 a6 4. Ba4 Nf6 5. O-O b5 6. Bb3 Bc5 7. Re1 d6 8. c3
Bg4 9. d3 O-O 10. Nbd2 Ne7 11. h3 Bh5 12. Nf1 c6 13. Ng3 Bg6 14. Qe2 h6 15. Bd2
Re8 16. Rad1 Qc7 17. Bc1 Rad8 18. a3 Bb6 19. Nh2 d5 20. Ng4 Nxg4 21. hxg4 d4
22. Nf5 Bxf5 23. gxf5 Qd6 24. Bc2 Qf6 25. g4 g6 26. Kg2 Kg7 27. Rh1 Rh8 28. f4
gxf5 29. gxf5 Rdg8 30. Kf3 Kf8 31. fxe5 Qxe5 32. Qh2 Qxh2 33. Rxh2 dxc3 34.
bxc3 h5 35. Rdh1 Rg1 36. Rxg1 Bxg1 37. Rh1 Bb6 38. Bd1 Ng8 39. Be3 Bxe3 40.
Kxe3 Nf6 41. Kf4 Ke7 42. Bb3 Rg8 43. e5 Nd5+ 44. Bxd5 cxd5 45. Rxh5 Rc8 46. Rh7
Rxc3 47. e6 Rxd3 48. Rxf7+ Ke8 49. f6 Rc3 50. Rh7 Kd8 51. Rh8+ Kc7 52. f7 Rc1
53. Rc8+ Kxc8 54. f8=Q+ Kc7 55. Qe7+ Kb6 56. Qd8+ Kb7 57. Qxd5+ Kb6 58. e7 Rc8
59. Qd8+ Rxd8 60. exd8=Q+ 1-0

[Event "Russian Championship B13 2016"]
[Site "Loo"]
[Date "2016.04.25"]
[Round "6.32"]
[White "Donets, Nikolai"]
[Black "Zheleznov, Daniil"]
[Result "0-1"]
[WhiteElo "1295"]
[BlackElo "1567"]
[PlyCount "134"]
[EventDate "2016.04.20"]

1. e4 e6 2. d4 d5 3. e5 c5 4. Be3 Nc6 5. Nf3 Qb6 6. b3 Nge7 7. dxc5 Qc7 8. Bf4
Ng6 9. Bg3 Bxc5 10. Bb5 Bd7 11. Bxc6 Bxc6 12. O-O O-O 13. Nc3 Rad8 14. Qd3 a6
15. a4 Rc8 16. Na2 Qe7 17. Nd4 Bd7 18. c3 Rc7 19. Kh1 Rb8 20. c4 dxc4 21. Qxc4
Bb6 22. Qd3 Rbc8 23. Rfd1 Rc5 24. Nf3 Rd5 25. Qe2 Bc6 26. Rac1 Rcd8 27. Nc3
Rxd1+ 28. Rxd1 Rxd1+ 29. Qxd1 Qc5 30. Qd3 Ne7 31. Ne4 Qd5 32. Qxd5 Bxd5 33.
Ned2 Nc6 34. Ne1 Ba5 35. Nef3 Bxd2 36. Nxd2 Nd4 37. b4 Bc6 38. Nf3 Bxf3 39.
gxf3 Nxf3 40. Kg2 Nd2 41. f4 Kf8 42. Be1 Nc4 43. Kf3 Nb6 44. a5 Nd5 45. Ke4 Ke7
46. f5 Kd7 47. fxe6+ fxe6 48. Kd4 Kc6 49. Kc4 Ne3+ 50. Kd3 Ng4 51. h4 Nxe5+ 52.
Ke4 Nd7 53. Bc3 e5 54. Kf5 Kd5 55. h5 Kc4 56. Be1 Kd5 57. Bc3 g6+ 58. hxg6
hxg6+ 59. Kxg6 Kc4 60. Be1 Nb8 61. Kf5 Nc6 62. Ke4 Nxb4 63. Kxe5 Kb5 64. Kd6
Nc6 65. Kc7 Nxa5 66. Bxa5 Kxa5 67. Kxb7 Kb5 0-1

[Event "Russian Championship B15 1st league 2016"]
[Site "Loo"]
[Date "2016.04.25"]
[Round "6.1"]
[White "Vasiliev, Georgiy"]
[Black "Stepanov, Andrey"]
[Result "0-1"]
[WhiteElo "1886"]
[BlackElo "1922"]
[PlyCount "104"]
[EventDate "2016.04.20"]

1. e4 e5 2. Nf3 Nc6 3. Bb5 a6 4. Ba4 Nf6 5. d3 d6 6. c3 Be7 7. O-O O-O 8. Nbd2
Re8 9. Re1 Bf8 10. Nf1 b5 11. Bc2 h6 12. d4 exd4 13. Nxd4 Nxd4 14. cxd4 g6 15.
f4 Bb7 16. Ng3 c5 17. b3 h5 18. e5 dxe5 19. dxe5 h4 20. Qxd8 Raxd8 21. Nf1 Nd5
22. Bd2 Nb4 23. Be4 Bxe4 24. Rxe4 f5 25. Re2 c4 26. bxc4 bxc4 27. Ne3 Rxd2 28.
Rxd2 Bc5 29. Re2 Nd5 30. Kf2 Nxf4 31. Rc2 Rxe5 32. Rxc4 Bxe3+ 33. Kf3 Ne6 34.
Rxh4 Bd4 35. Rd1 Re3+ 36. Kf2 Re4+ 37. Kg3 Bf2+ 38. Kxf2 Rxh4 39. Rd6 Kf7 40.
Rxa6 Rxh2 41. a4 Rh1 42. Ra7+ Kf6 43. a5 Ra1 44. Kf3 Ra4 45. g4 fxg4+ 46. Kg3
Kg5 47. Re7 Ra3+ 48. Kf2 Kf6 49. Ra7 Nc5 50. Ra8 Kg5 51. Rd8 Ne4+ 52. Ke2 Rxa5
0-1

[Event "Russian Championship B15 1st league 2016"]
[Site "Loo"]
[Date "2016.04.25"]
[Round "6.2"]
[White "Suvorov, Aleksandr"]
[Black "Tyurin, Ilya"]
[Result "1/2-1/2"]
[WhiteElo "1907"]
[BlackElo "1860"]
[PlyCount "116"]
[EventDate "2016.04.20"]

1. e4 e5 2. Nf3 Nc6 3. Bb5 a6 4. Bxc6 dxc6 5. O-O Qf6 6. d4 exd4 7. Qxd4 Qxd4
8. Nxd4 Bd7 9. Be3 Ne7 10. Nd2 O-O-O 11. f4 f5 12. Rae1 fxe4 13. Nxe4 Nd5 14.
Bd2 h6 15. Kh1 c5 16. Nf3 b6 17. Ne5 Be8 18. a3 Ne7 19. f5 Nc6 20. Bc3 Nxe5 21.
Bxe5 Bb5 22. Rf2 Rh7 23. Ng3 Re8 24. Bc3 Rxe1+ 25. Bxe1 Be7 26. Nh5 Be8 27. Re2
Kd8 28. Nf4 Bf6 29. Ne6+ Kc8 30. Bg3 Bh5 31. Rd2 Bg4 32. Rf2 c6 33. h3 Bh5 34.
Rd2 Rh8 35. c4 Be8 36. Bc7 Kb7 37. Bd8 Be5 38. Be7 Bf7 39. Nd8+ Rxd8 40. Rxd8
Bxc4 41. Bd6 Bxb2 42. Rd7+ Kc8 43. Rc7+ Kd8 44. Rb7 Bd3 45. Rxb6 Bd4 46. Bf4
Bb5 47. a4 Bxa4 48. Rxa6 Bb5 49. Ra8+ Ke7 50. Ra7+ Kf6 51. g4 h5 52. Rd7 hxg4
53. hxg4 Be2 54. Rd6+ Kf7 55. g5 Bg4 56. g6+ Ke7 57. Re6+ Kd7 58. Rd6+ Ke7
1/2-1/2

[Event "Russian Championship B15 1st league 2016"]
[Site "Loo"]
[Date "2016.04.25"]
[Round "6.3"]
[White "Marchuk, Rostislav"]
[Black "Chizho, Aleksandr"]
[Result "0-1"]
[WhiteElo "2039"]
[BlackElo "1893"]
[PlyCount "88"]
[EventDate "2016.04.20"]

1. d4 c5 2. d5 e5 3. e4 d6 4. Nc3 Be7 5. Nf3 a6 6. a4 Bg4 7. Be2 Bxf3 8. Bxf3
Bg5 9. O-O Bxc1 10. Qxc1 Ne7 11. g3 O-O 12. Bg2 Nd7 13. Qd2 b6 14. f4 exf4 15.
gxf4 Ng6 16. Bh3 Nf6 17. Qe2 Re8 18. Rae1 b5 19. axb5 axb5 20. Qxb5 Rb8 21. Qd3
Rxb2 22. Nd1 Rb4 23. c3 Rbxe4 24. Rxe4 Rxe4 25. Qd2 Qe8 26. Bg2 Re2 27. Qd3 Nh5
28. Qa6 Nhxf4 29. Bf3 Re1 30. Nf2 Nh4 31. Bd1 Nxd5 32. Ba4 Rxf1+ 33. Kxf1 Qd8
34. Ne4 Nf5 35. Bb3 Nde3+ 36. Ke2 h6 37. Qb7 c4 38. Ba4 Qh4 39. Nf2 Qh5+ 40.
Ke1 Qxh2 41. Qa8+ Kh7 42. Qc8 Qe5 43. Kd2 Nf1+ 44. Kd1 N1g3 0-1

[Event "Russian Championship B15 1st league 2016"]
[Site "Loo"]
[Date "2016.04.25"]
[Round "6.4"]
[White "Avalyan, Artur"]
[Black "Arbuzov, Mikhail"]
[Result "1-0"]
[WhiteElo "2021"]
[BlackElo "1925"]
[PlyCount "55"]
[EventDate "2016.04.20"]

1. e4 e6 2. d4 d5 3. Nc3 Bb4 4. e5 Bxc3+ 5. bxc3 c5 6. Qg4 Ne7 7. Qxg7 Rg8 8.
Qxh7 Qc7 9. Ne2 Nbc6 10. Ba3 cxd4 11. Bxe7 Nxe7 12. cxd4 Bd7 13. Qd3 O-O-O 14.
g3 Kb8 15. Bg2 Qa5+ 16. Qd2 Qa6 17. O-O Rc8 18. Rfb1 Rc7 19. Rb2 Bb5 20. Nc1
Bc4 21. Nb3 Bxb3 22. Rxb3 Rgc8 23. Bf1 Qc6 24. c3 a6 25. Rab1 Ka7 26. Ra3 Ng6
27. Qc1 Ne7 28. Bb5 1-0

[Event "Russian Championship B15 1st league 2016"]
[Site "Loo"]
[Date "2016.04.25"]
[Round "6.5"]
[White "Permin, Viktor"]
[Black "Badalian, Daniel"]
[Result "1-0"]
[WhiteElo "1930"]
[BlackElo "1898"]
[PlyCount "47"]
[EventDate "2016.04.20"]

1. d4 Nf6 2. c4 g6 3. Nf3 Bg7 4. g3 O-O 5. Bg2 d5 6. cxd5 Nxd5 7. O-O Nb6 8.
Nc3 Nc6 9. e3 e5 10. d5 Na5 11. e4 Qe7 12. b3 Rd8 13. Bg5 f6 14. Be3 f5 15. Qe1
Bd7 16. Rd1 Nc8 17. Bg5 Qe8 18. Bxd8 Qxd8 19. exf5 Bxf5 20. Na4 b6 21. d6 Nxd6
22. Nxe5 Bxe5 23. Qxe5 Rc8 24. Bd5+ 1-0

[Event "Russian Championship B15 1st league 2016"]
[Site "Loo"]
[Date "2016.04.25"]
[Round "6.6"]
[White "Hein, Vladimir"]
[Black "Adyrbaev, Albert"]
[Result "1/2-1/2"]
[WhiteElo "1866"]
[BlackElo "2022"]
[PlyCount "91"]
[EventDate "2016.04.20"]

1. d4 Nf6 2. c4 g6 3. Nc3 Bg7 4. e4 d6 5. f3 c6 6. Be3 a6 7. Bd3 O-O 8. Nge2
Nbd7 9. O-O e5 10. d5 Nh5 11. Rc1 f5 12. exf5 gxf5 13. b4 Ndf6 14. Qc2 f4 15.
Bf2 Rf7 16. Ne4 Bf8 17. N2c3 Rg7 18. Kh1 Qe8 19. Nxf6+ Nxf6 20. Ne4 Nxe4 21.
Bxe4 cxd5 22. Bxd5+ Be6 23. Qd3 Qf7 24. Bxe6 Qxe6 25. Qd5 Re8 26. Rfe1 Rc7 27.
Qxe6+ Rxe6 28. g3 fxg3 29. hxg3 Rf6 30. Kg2 Rcf7 31. Rc3 Bh6 32. Rd3 b5 33. c5
Bf8 34. cxd6 Bxd6 35. Bc5 Bc7 36. Re4 Rg6 37. Bf2 Kg7 38. Bc5 Re6 39. Rg4+ Rg6
40. Rxg6+ hxg6 41. Bd6 Bxd6 42. Rxd6 Ra7 43. Re6 a5 44. Rxe5 axb4 45. Rxb5
Rxa2+ 46. Kh3 1/2-1/2

[Event "Russian Championship B15 1st league 2016"]
[Site "Loo"]
[Date "2016.04.25"]
[Round "6.7"]
[White "Tambovtsev, Daniil"]
[Black "Novikov, Roman"]
[Result "0-1"]
[WhiteElo "1864"]
[BlackElo "2021"]
[PlyCount "68"]
[EventDate "2016.04.20"]

1. d4 Nf6 2. Nf3 e6 3. c4 d5 4. Nc3 Bb4 5. e3 O-O 6. Bd3 c5 7. cxd5 exd5 8. O-O
Bg4 9. h3 Bh5 10. a3 Bxc3 11. bxc3 Nc6 12. Rb1 c4 13. Bc2 Qd7 14. Re1 Ne4 15.
Bb2 Ng5 16. e4 Nxf3+ 17. gxf3 Qxh3 18. Re3 Rfe8 19. Qf1 Qd7 20. Rbe1 b5 21. Qg2
Bg6 22. Qg5 Ne7 23. f4 f6 24. Qg2 dxe4 25. Bxe4 Bxe4 26. Qxe4 Nd5 27. Qxe8+
Rxe8 28. Rxe8+ Kf7 29. R8e4 Qg4+ 30. Kf1 Nxf4 31. R1e3 Qg2+ 32. Ke1 Nd3+ 33.
Ke2 Qxf2+ 34. Kd1 Nxb2+ 0-1

[Event "Russian Championship B15 1st league 2016"]
[Site "Loo"]
[Date "2016.04.25"]
[Round "6.8"]
[White "Marchenko, Nikolay"]
[Black "Kumargaliev, Marsel"]
[Result "1-0"]
[WhiteElo "1995"]
[BlackElo "1838"]
[PlyCount "69"]
[EventDate "2016.04.20"]

1. e4 c5 2. Nc3 Nc6 3. f4 d6 4. Nf3 e6 5. Bb5 Nf6 6. d3 Qc7 7. a4 Be7 8. Qe2
Nd7 9. f5 O-O 10. O-O Bf6 11. Bf4 Nde5 12. Bxc6 Nxf3+ 13. Qxf3 bxc6 14. Qg3 e5
15. Be3 Ba6 16. b3 Qa5 17. Nd1 Qd8 18. Nf2 Bh4 19. Qf3 Bxf2+ 20. Rxf2 f6 21. g4
Rf7 22. h4 Rd7 23. g5 Rb8 24. Kh2 Rbb7 25. Rg1 Rbc7 26. Rfg2 Bc8 27. h5 Qf8 28.
Qh3 Kh8 29. gxf6 Qxf6 30. h6 Qf8 31. Qh5 Qf7 32. hxg7+ Kg8 33. Qh4 Re7 34. Rg6
Qe8 35. Qxh7+ 1-0

[Event "Russian Championship B15 1st league 2016"]
[Site "Loo"]
[Date "2016.04.25"]
[Round "6.9"]
[White "Medvedev, Semen"]
[Black "Rovnov, Vladislav"]
[Result "1-0"]
[WhiteElo "1856"]
[BlackElo "1993"]
[PlyCount "95"]
[EventDate "2016.04.20"]

1. e4 c5 2. Nf3 d6 3. d4 cxd4 4. Nxd4 Nf6 5. Nc3 a6 6. Be2 e5 7. Nb3 Be7 8. O-O
O-O 9. Kh1 b6 10. Be3 Bb7 11. f3 Nbd7 12. Qd2 Qc7 13. a4 Rac8 14. Rfd1 Rfd8 15.
Bf1 Bf8 16. Qf2 g6 17. Rd2 h5 18. Rad1 Kh7 19. Bg5 Rb8 20. Qh4 Kg7 21. Re1 Be7
22. Red1 Nf8 23. Qe1 Ne6 24. Be3 Nd7 25. Qf2 Ndc5 26. Nxc5 Nxc5 27. b4 Nd7 28.
Nd5 Bxd5 29. Rxd5 Nf6 30. R5d2 d5 31. exd5 Bxb4 32. Rd3 Rd6 33. Bg5 a5 34. Qe2
Re8 35. c3 Bc5 36. R3d2 Nd7 37. Be3 Bxe3 38. Qxe3 Nc5 39. Bb5 Re7 40. Rb1 e4
41. Qd4+ f6 42. Bc6 exf3 43. gxf3 Re5 44. Rdb2 Nd7 45. c4 Kh6 46. Qf2 Qd8 47.
Qd2+ Rg5 48. h4 1-0

[Event "Russian Championship B15 1st league 2016"]
[Site "Loo"]
[Date "2016.04.25"]
[Round "6.10"]
[White "Asatryan, Gor"]
[Black "Rogotskiy, Yuriy"]
[Result "1-0"]
[WhiteElo "1853"]
[BlackElo "1967"]
[PlyCount "47"]
[EventDate "2016.04.20"]

1. e4 c5 2. c3 Nf6 3. e5 Nd5 4. d4 cxd4 5. cxd4 Nc6 6. Nf3 d6 7. Bc4 Nb6 8. Bb5
dxe5 9. Nxe5 Bd7 10. Nxd7 Qxd7 11. Nc3 e6 12. O-O Be7 13. Qf3 O-O 14. Rd1 Rfd8
15. Be3 Rac8 16. Rac1 a6 17. Bd3 Bf6 18. d5 Ne5 19. Bxh7+ Kf8 20. Qh3 Nxd5 21.
Rxd5 exd5 22. Bf5 Rxc3 23. Rxc3 Qa4 24. Bc5+ 1-0

[Event "Russian Championship B15 1st league 2016"]
[Site "Loo"]
[Date "2016.04.25"]
[Round "6.11"]
[White "Sanarov, Leonid"]
[Black "Mishin, Viacheslav"]
[Result "0-1"]
[WhiteElo "1849"]
[BlackElo "1949"]
[PlyCount "86"]
[EventDate "2016.04.20"]

1. c4 e6 2. g3 d5 3. Bg2 Nf6 4. Nf3 c5 5. b3 Nc6 6. Bb2 d4 7. d3 Be7 8. O-O O-O
9. e3 e5 10. exd4 exd4 11. Na3 Re8 12. Nc2 Bf5 13. b4 Qb6 14. Rb1 Nxb4 15. Nxb4
Qxb4 16. Bxd4 Qa3 17. Rb3 Qxa2 18. Bb2 Bd7 19. Rxb7 Reb8 20. Rxb8+ Rxb8 21. Be5
Rb6 22. Re1 Ng4 23. Nd2 Nxe5 24. Rxe5 Bf6 25. Re1 Bc3 26. Re7 Bxd2 27. Rxd7 g6
28. Bf1 Bc3 29. Re7 Bd4 30. Re2 Rb2 31. Rxb2 Qxb2 32. Qe2 Qa1 33. h4 a5 34. Kh2
Kg7 35. Bg2 a4 36. Bd5 Qb2 37. Qe7 Qxf2+ 38. Kh3 a3 39. h5 Qf5+ 40. g4 Qxd3+
41. Kh2 Qd2+ 42. Bg2 Qf4+ 43. Kh1 a2 0-1

[Event "Russian Championship B15 1st league 2016"]
[Site "Loo"]
[Date "2016.04.25"]
[Round "6.12"]
[White "Gagarin, Vasily"]
[Black "Volkov, Andrey"]
[Result "1/2-1/2"]
[WhiteElo "1831"]
[BlackElo "1935"]
[PlyCount "89"]
[EventDate "2016.04.20"]

1. c4 c5 2. Nc3 Nc6 3. g3 g6 4. Bg2 Bg7 5. d3 Nh6 6. h4 e6 7. Qd2 Nf5 8. h5 Bh6
9. e3 g5 10. b3 Bg7 11. Bb2 h6 12. g4 Nh4 13. Be4 O-O 14. O-O-O a6 15. Nge2 b5
16. Bxc6 dxc6 17. Ne4 e5 18. Nxc5 Bxg4 19. Rxh4 gxh4 20. Rg1 Bxe2 21. Bxe5 f6
22. Rxg7+ Kh8 23. Qxe2 fxe5 24. Ne6 Qf6 25. Rg6 Qf5 26. Rxh6+ Kg8 27. Nxf8 Rxf8
28. Rxc6 h3 29. f4 exf4 30. e4 f3 31. Qf2 Qf4+ 32. Kc2 h2 33. Rg6+ Kh7 34. Qd4
Qf7 35. Qe3 Qxg6 36. hxg6+ Kxg6 37. Qb6+ Rf6 38. Qd8 h1=Q 39. Qg8+ Kh5 40. Qh8+
Rh6 41. Qe5+ Kg4 42. Qf5+ Kg3 43. Qg5+ Kf2 44. Qd2+ Kf1 45. Qc1+ 1/2-1/2

[Event "Russian Championship B15 1st league 2016"]
[Site "Loo"]
[Date "2016.04.25"]
[Round "6.13"]
[White "Zhafyarov, Adel"]
[Black "Lipilin, Ilia"]
[Result "1-0"]
[WhiteElo "1899"]
[BlackElo "1827"]
[PlyCount "111"]
[EventDate "2016.04.20"]

1. d4 f5 2. Bf4 Nf6 3. e3 g6 4. h4 h6 5. Nf3 Bg7 6. c4 d6 7. Nc3 Be6 8. Be2
Nbd7 9. Qc2 O-O 10. O-O-O Nb6 11. d5 Bf7 12. Nd4 Qd7 13. h5 g5 14. Bg3 e6 15.
dxe6 Bxe6 16. Nxe6 Qxe6 17. Nb5 Qf7 18. Qxf5 Nxc4 19. Nd4 Rae8 20. Qc2 Nb6 21.
Bb5 Nfd7 22. Kb1 c6 23. Bd3 Ne5 24. Bxe5 Rxe5 25. Rhf1 Rc5 26. Qe2 Ra5 27. Nb3
Ra4 28. g3 Nd5 29. Nc1 Rb4 30. Nb3 Ra4 31. Bc2 Nb4 32. a3 Nxc2 33. Qxc2 d5 34.
Nd4 Rc4 35. Qd2 Bxd4 36. exd4 Qf5+ 37. Ka2 Rc2 38. Qb4 b5 39. f4 Rc4 40. Qd6
Qf6 41. Qxf6 Rxf6 42. fxg5 Rxf1 43. Rxf1 hxg5 44. Rf5 Rxd4 45. Rxg5+ Kf7 46. h6
Rd2 47. Rg7+ Ke6 48. g4 Rh2 49. g5 d4 50. h7 d3 51. Rg6+ Kf5 52. Rh6 Rxh6 53.
gxh6 d2 54. h8=Q d1=Q 55. Qg8 Qh1 56. h7 1-0

[Event "Russian Championship B15 1st league 2016"]
[Site "Loo"]
[Date "2016.04.25"]
[Round "6.14"]
[White "Yashmetov, Nikolay"]
[Black "Glukhov, Dmitriy"]
[Result "1-0"]
[WhiteElo "1896"]
[BlackElo "1824"]
[PlyCount "119"]
[EventDate "2016.04.20"]

1. e4 c5 2. Nf3 e6 3. d4 cxd4 4. Nxd4 Nf6 5. Nc3 d6 6. Be3 Be7 7. f3 Nc6 8. Qd2
O-O 9. O-O-O d5 10. Be2 dxe4 11. Nxe4 Nxe4 12. fxe4 e5 13. Nb5 Be6 14. Qc3 Qb8
15. Bc4 Bg4 16. Rdf1 a6 17. Na3 Nd4 18. Bxd4 exd4 19. Qxd4 Bxa3 20. bxa3 Qc7
21. Bb3 Rad8 22. Qb2 Qc5 23. Re1 Rd6 24. h3 Bh5 25. g4 Bg6 26. h4 Rfd8 27. Rhf1
Kh8 28. a4 f6 29. e5 fxe5 30. Qxe5 Qxe5 31. Rxe5 h6 32. h5 Bh7 33. Re7 Rd4 34.
Rfe1 g6 35. Rxb7 gxh5 36. Ree7 Bg8 37. gxh5 R4d6 38. Kb2 Rc8 39. a5 Bd5 40.
Bxd5 Rxd5 41. Rh7+ Kg8 42. Rxh6 Rxa5 43. Rbb6 Rcc5 44. Rxa6 Rxa6 45. Rxa6 Rxh5
46. Rf6 Kg7 47. Rf4 Rh3 48. c3 Rd3 49. a4 Rd1 50. Kb3 Rb1+ 51. Kc4 Rb8 52. a5
Kg6 53. Kc5 Rc8+ 54. Kb4 Rb8+ 55. Ka4 Rb1 56. a6 Kg5 57. Rb4 Ra1+ 58. Kb5 Kf6
59. Kb6 Ke7 60. a7 1-0

[Event "Russian Championship B15 1st league 2016"]
[Site "Loo"]
[Date "2016.04.25"]
[Round "6.15"]
[White "Bratchikov, Vladislav"]
[Black "Zavialov, Nikita A"]
[Result "1/2-1/2"]
[WhiteElo "1815"]
[BlackElo "1883"]
[PlyCount "85"]
[EventDate "2016.04.20"]

1. d4 d5 2. Nf3 e6 3. Bf4 Nf6 4. e3 Bd6 5. Bg3 O-O 6. Be2 b6 7. O-O Bb7 8. c4
c5 9. Nc3 Nc6 10. dxc5 Bxc5 11. cxd5 Nxd5 12. Nxd5 exd5 13. a3 a5 14. Qa4 Qf6
15. Bb5 d4 16. e4 Rac8 17. Kh1 Rfe8 18. e5 Qf5 19. Rad1 Red8 20. Bd3 Qd7 21.
Qc2 h6 22. Bf5 Qd5 23. Bxc8 Bxc8 24. Qd3 g6 25. Qd2 Kh7 26. Bh4 Re8 27. Bf6 Be6
28. Rfe1 d3 29. Ng5+ hxg5 30. Qxg5 Qc4 31. Rxd3 Bc8 32. f4 Bf2 33. g3 Rxe5 34.
Rxe5 Qc1+ 35. Kg2 Qg1+ 36. Kf3 Nxe5+ 37. Qxe5 Bb7+ 38. Kg4 Bc8+ 39. Kg5 Qxh2
40. Bg7 Bxg3 41. Rxg3 Qxg3+ 42. Kf6 Qg4 43. Bf8 1/2-1/2

[Event "Russian Championship B15 1st league 2016"]
[Site "Loo"]
[Date "2016.04.25"]
[Round "6.16"]
[White "Prokofiev, Matvey"]
[Black "Petrovsky, Andrey"]
[Result "1/2-1/2"]
[WhiteElo "1875"]
[BlackElo "1756"]
[PlyCount "89"]
[EventDate "2016.04.20"]

1. d4 e6 2. c4 d5 3. Nc3 f5 4. e3 Nf6 5. Nf3 c6 6. Bd3 Bd6 7. O-O O-O 8. b3 Ne4
9. Bb2 Nd7 10. Ne2 b6 11. Nf4 Rf6 12. Ne5 Bb7 13. Rc1 Rc8 14. Bxe4 dxe4 15.
Nxd7 Qxd7 16. d5 e5 17. Nh5 Rh6 18. dxc6 Bxc6 19. Rc2 Qf7 20. Rd2 Bc7 21. Ng3
f4 22. Qg4 Rf8 23. Nxe4 Rg6 24. Qf3 Qf5 25. Rd5 Bxd5 26. cxd5 fxe3 27. Qxe3 Qg4
28. g3 Rf3 29. Qc1 Qxe4 30. Qxc7 Qxd5 31. Bxe5 Rf7 32. Qb8+ Rf8 33. Qc7 Qf7 34.
Qc2 Re6 35. Qe2 g6 36. Rc1 Rd8 37. Rc7 Rd7 38. Rc8+ Re8 39. Qc2 Rdd8 40. Rc7
Re7 41. Rxe7 Qxe7 42. Qc4+ Qf7 43. Qc2 Qd5 44. Qc7 Qd7 45. Qc4+ 1/2-1/2

[Event "Russian Championship B15 1st league 2016"]
[Site "Loo"]
[Date "2016.04.25"]
[Round "6.17"]
[White "Petrov, Nikolay"]
[Black "Poliakov, Artem"]
[Result "0-1"]
[WhiteElo "1788"]
[BlackElo "2168"]
[PlyCount "104"]
[EventDate "2016.04.20"]

1. e4 c6 2. c4 d5 3. exd5 cxd5 4. cxd5 Qxd5 5. Nc3 Qd6 6. d4 Nf6 7. Nb5 Qb6 8.
Bf4 Nd5 9. Bxb8 Rxb8 10. Bc4 e6 11. Ne2 Bd7 12. Qb3 Qa5+ 13. Nbc3 Nxc3 14. Nxc3
Bd6 15. Bb5 Bc6 16. O-O O-O 17. Bxc6 bxc6 18. Qc2 Qb6 19. b3 Qxd4 20. Rad1 Qe5
21. g3 Rb4 22. Rfe1 Qc5 23. Qd3 Be5 24. Na4 Qa5 25. Qd2 Rxa4 26. Rxe5 Qxe5 27.
bxa4 g6 28. Qc2 Rc8 29. Rd7 a5 30. Qd2 Kg7 31. Rxf7+ Kxf7 32. Qd7+ Kf6 33. Qxc8
Qe1+ 34. Kg2 Qe4+ 35. Kg1 Kf5 36. Qf8+ Kg4 37. Qa3 h5 38. Qc1 g5 39. Qf1 Kf5
40. Qh3+ Kg6 41. Qf1 h4 42. Qh3 Qf5 43. g4 Qe4 44. a3 c5 45. Qc3 Qxg4+ 46. Kf1
Qd1+ 47. Kg2 Qd5+ 48. Kf1 c4 49. Qh8 Kf5 50. Qh7+ Kg4 51. Qf7 c3 52. Qc7 Qd1+
0-1

[Event "Russian Championship B15 1st league 2016"]
[Site "Loo"]
[Date "2016.04.25"]
[Round "6.18"]
[White "Odegov, Artem"]
[Black "Matchenya, Ivan"]
[Result "1-0"]
[WhiteElo "2063"]
[BlackElo "1770"]
[PlyCount "71"]
[EventDate "2016.04.20"]

1. e4 Nc6 2. Nf3 d6 3. d4 Nf6 4. Bd3 Bg4 5. c3 g6 6. Nbd2 Bg7 7. O-O O-O 8. h3
Bxf3 9. Nxf3 e5 10. Bg5 h6 11. Bh4 Qe8 12. Re1 Nh5 13. Bb5 a6 14. Ba4 b5 15.
Bb3 Kh8 16. a4 Rc8 17. Bd5 Rb8 18. Bb3 f5 19. exf5 gxf5 20. dxe5 dxe5 21. Nd4
Nxd4 22. cxd4 e4 23. axb5 axb5 24. Ra6 Nf4 25. Qd2 Qc8 26. Rea1 Nxh3+ 27. gxh3
f4 28. Kh2 Qf5 29. Rg1 Qh5 30. Rg4 Rbe8 31. Re6 Rxe6 32. Bxe6 c5 33. Rxf4 Rxf4
34. Qxf4 cxd4 35. Qb8+ Kh7 36. Bg8+ 1-0

[Event "Russian Championship B15 1st league 2016"]
[Site "Loo"]
[Date "2016.04.25"]
[Round "6.19"]
[White "Korobov, Ivan"]
[Black "Mukhutdinov, Tigran"]
[Result "1-0"]
[WhiteElo "1767"]
[BlackElo "2059"]
[PlyCount "129"]
[EventDate "2016.04.20"]

1. e4 e5 2. Nf3 Nc6 3. Bc4 g6 4. O-O Bg7 5. c3 d6 6. h3 Nf6 7. Re1 O-O 8. Bb3
a6 9. d4 Qe7 10. Bg5 h6 11. Bxf6 Qxf6 12. dxe5 dxe5 13. Nbd2 Rd8 14. Qe2 Na5
15. Bc2 b6 16. b4 Nb7 17. Nc4 Qe7 18. Ne3 Be6 19. Bb3 c6 20. Red1 Nd6 21. Nc4
Bxc4 22. Bxc4 Kh7 23. Rd2 b5 24. Bb3 Kh8 25. Rad1 a5 26. bxa5 c5 27. c4 b4 28.
Rd5 Rxa5 29. Qd3 Ra6 30. Rxc5 f5 31. exf5 gxf5 32. Rd5 e4 33. Qe2 Raa8 34. Ne1
Qf8 35. c5 Nb7 36. c6 Nc5 37. Rxd8 Rxd8 38. Rxd8 Qxd8 39. Qc4 Nxb3 40. axb3 Qd2
41. Kf1 Bc3 42. Qe2 Qc1 43. g3 Bxe1 44. Qxe1 Qxc6 45. Qxb4 Qd5 46. Qc3+ Kh7 47.
Qe3 Qb7 48. Qc3 Qd5 49. b4 Kg6 50. Qc5 Qd1+ 51. Kg2 Qb3 52. b5 e3 53. fxe3 Qd3
54. Kf2 Qd2+ 55. Kf3 Qd3 56. Qc6+ Kg7 57. Kf4 Qf1+ 58. Ke5 Qa1+ 59. Kd6 Qf6+
60. Kc7 Qe5+ 61. Kb7 Qxe3 62. Qc7+ Kf8 63. b6 Qe4+ 64. Kb8 Qd5 65. Qc8+ 1-0

[Event "Russian Championship B15 1st league 2016"]
[Site "Loo"]
[Date "2016.04.25"]
[Round "6.20"]
[White "Slugin, Yaroslav"]
[Black "Karamov, Stepan"]
[Result "1-0"]
[WhiteElo "1989"]
[BlackElo "1707"]
[PlyCount "120"]
[EventDate "2016.04.20"]

1. d4 d5 2. Nf3 Nf6 3. Bf4 Bf5 4. c4 e6 5. Qb3 b6 6. Nc3 dxc4 7. Qxc4 Bd6 8.
Bxd6 cxd6 9. Nb5 Nd5 10. Nd2 a6 11. e4 axb5 12. Qxb5+ Qd7 13. exd5 O-O 14. Qxd7
Nxd7 15. dxe6 Bxe6 16. Bc4 Bxc4 17. Nxc4 d5 18. Ne3 Nf6 19. f3 Ra4 20. Nc2 Rc8
21. Kd2 Kf8 22. Rhe1 Rac4 23. Rac1 g6 24. b3 R4c7 25. Nb4 Rxc1 26. Rxc1 Rxc1
27. Kxc1 Ke7 28. Nc6+ Ke6 29. Kd2 Nd7 30. a4 Kd6 31. Ne5 Nf8 32. Nxf7+ Ke6 33.
Ne5 g5 34. b4 h5 35. a5 bxa5 36. bxa5 Kd6 37. Nf7+ Kc6 38. Nxg5 Kb5 39. Nh3 Nd7
40. Nf4 Nf6 41. h3 Kxa5 42. g4 hxg4 43. fxg4 Kb5 44. Ke3 Kc6 45. g5 Ne4 46. g6
Nd6 47. Ne6 Kd7 48. g7 Nf5+ 49. Kf4 Ne7 50. Ke5 Ke8 51. Ng5 Kd7 52. Nh7 Ke8 53.
Nf6+ Kf7 54. g8=Q+ Nxg8 55. Nxg8 Kxg8 56. Kxd5 Kf7 57. Kc6 Kf8 58. h4 Kg7 59.
d5 Kf6 60. h5 Kg5 1-0